| 000 | 00460nam a2200169Ia 4500 | ||
|---|---|---|---|
| 999 |
_c27962 _d27962 |
||
| 003 | OSt | ||
| 005 | 20210106094248.0 | ||
| 008 | 190216s9999||||xx |||||||||||||| ||und|| | ||
| 040 | _coclc | ||
| 082 |
_a894.812301 _bASH/K |
||
| 100 |
_aAshamenon _97017 |
||
| 245 | 0 |
_aKathadasakam / _cAshamenon |
|
| 260 |
_bDc Books, _aKottayam: _c1999. |
||
| 300 | _a95p | ||
| 650 | _aKathakal | ||
| 942 |
_cBK _2ddc _h894.812301 _iASH/K _k894.812301 _mASH/K |
||